Thames Gateway special (Record no. 73115)

MARC details
000 -LEADER
fixed length control field 01250cam a2200217 4500
001 - CONTROL NUMBER
control field X123126
008 - FIXED-LENGTH DATA ELEMENTS--GENERAL INFORMATION
fixed length control field 030724n2003 000 0 eng u
035 ## - SYSTEM CONTROL NUMBER
System control number (Sirsi) u123126
245 ## - TITLE STATEMENT
Title Thames Gateway special
260 ## - PUBLICATION, DISTRIBUTION, ETC.
Date of publication, distribution, etc. 2003
490 ## - SERIES STATEMENT
Series statement Housing Today
Volume/sequential designation (339) 27 June 2003, 24-34(11)
520 ## - SUMMARY, ETC.
Summary, etc. Group of articles examining aspects of the proposed Thames Gateway development. "Landlocked" looks at the disappointing progress of the Thames Gateway since the launch of the Communities Plan. "Back to the future" examines the history of Thamemead and whether there are lessons to be learnt for the Gateway. "The promised land?" exposes the weaknesses in the Thames Gateway vision. "Double take" focuses on Tilfen Land, a private developer owned by a charity and a Registered Social Landlord, who aims to make a push into the Thames Gateway. "Let's do the right thing" outlines the World Wildlife Fund's ideas for making the new housing more environment-friendly.
650 ## - SUBJECT ADDED ENTRY--TOPICAL TERM
Topical term or geographic name entry element THAMES GATEWAY
650 ## - SUBJECT ADDED ENTRY--TOPICAL TERM
Topical term or geographic name entry element THAMESMEAD
650 ## - SUBJECT ADDED ENTRY--TOPICAL TERM
Topical term or geographic name entry element SUSTAINABLE COMMUNITIES: BUILDING FOR THE FUTURE
650 ## - SUBJECT ADDED ENTRY--TOPICAL TERM
Topical term or geographic name entry element SUSTAINABLE DEVELOPMENT
650 ## - SUBJECT ADDED ENTRY--TOPICAL TERM
Topical term or geographic name entry element PRIVATE DEVELOPERS
650 ## - SUBJECT ADDED ENTRY--TOPICAL TERM
Topical term or geographic name entry element ENVIRONMENTAL COSTS
690 ## - LOCAL SUBJECT ADDED ENTRY--TOPICAL TERM (OCLC, RLIN)
Topical term or geographic name as entry element HOUSING-DEVELOPMENT
942 ## - ADDED ENTRY ELEMENTS (KOHA)
Suppress in OPAC 0
Holdings
Withdrawn status Lost status Source of classification or shelving scheme Damaged status Not for loan Home library Current library Shelving location Date acquired Total Checkouts Full call number Barcode Date last seen Copy number Price effective from Koha item type
    Dewey Decimal Classification     London London Journal article 24/07/2003   X123126 123126-1001 06/08/2019 1 06/08/2019 Journal article